Reglament intern del Centre Cívic Can Deu
Descripción Física:
[8] f. ; 25 cm
MARC
| LEADER | 00000nam a2200000Ia 4500 | ||
|---|---|---|---|
| 001 | 15395 | ||
| 008 | 160829s9999 xx 000 0 cat d | ||
| 080 | |a FU-33-45 | ||
| 100 | |a Centre Cívic Can Deu |9 32635 | ||
| 245 | |a Reglament intern del Centre Cívic Can Deu | ||
| 260 | |a Barcelona : |b Ajuntament de Barcelona, Districte de Les Corts, [s.a.] | ||
| 300 | |a [8] f. ; |c 25 cm | ||
| 650 | |a Centre Cívic Can Deu |x Reglaments i procediment |9 38982 | ||
| 710 | 2 | |a Barcelona (Catalunya). |b Districte de Les Corts |9 52915 | |
| 901 | |a Arxiu | ||
| 942 | |n 1 | ||
| 952 | |0 0 |1 0 |4 0 |6 FU3345 |7 1 |9 48731 |a Arxiu |b Arxiu |d 2016-12-01 |l 0 |o FU-33-45 |p 15395 |r 2016-12-01 00:00:00 |w 2016-12-01 |y ARXIU | ||
| 999 | |c 52562 |d 52562 | ||